Statistics for All songs on Beyoncé's RENAISSANCE

Click here to take the quiz!

General Stats

  • This quiz has been taken 149 times
  • The average score is 12 of 16

Answer Stats

Answer% Correct
CUFF IT
89%
BREAK MY SOUL
87%
ALIEN SUPERSTAR
85%
COZY
85%
HEATED
83%
I'M THAT GIRL
83%
SUMMER RENAISSANCE
80%
ENERGY
77%
CHURCH GIRL
76%
PURE/HONEY
73%
VIRGO'S GROOVE
73%
AMERICA HAS A PROBLEM
68%
PLASTIC OFF THE SOFA
66%
THIQUE
66%
MOVE
62%
ALL UP IN YOUR MIND
56%

Score Distribution

Percentile by Number Answered

Percent of People with Each Score

Your Score History

You have not taken this quiz